| 000 | 00528nam a22002171a 4500 | ||
|---|---|---|---|
| 001 | 2090 | ||
| 003 | OSt | ||
| 005 | 20260204211759.0 | ||
| 008 | 040124s1989||||sp ||||||b||||||||||spa|| | ||
| 020 | _a843680421x | ||
| 050 | _a911 G871b | ||
| 082 | _a911 G871b | ||
| 100 | _aGribbin, John | ||
| 245 | _aEn busca del Big Bang / John Gribbin | ||
| 250 | _a2 | ||
| 264 | _aEspaña : Pirámides | ||
| 300 | _a348 p. | ||
| 500 | _aIncluye indice | ||
| 650 | _a1.Geografía Histórica 2.Geografía UniversalÌ | ||
| 942 |
_2ddc _cBK |
||
| 999 |
_c2090 _d2090 |
||